Superman: Villains Quiz - Statistics

General Stats
  • This quiz has been taken 77 times
    52 since last reset
  • The average score is 17 of 42
Answer Stats
Answer % Correct
Lex Luthor
100%
Brainiac
90%
General Zod
87%
Doomsday
85%
Metallo
77%
Parasite
77%
Bizarro
74%
Toyman
69%
Livewire
67%
Cyborg Superman
64%
Mongul
62%
Mr. Mxyzptlk
59%
Lobo
51%
Ultraman
51%
Silver Banshee
46%
Ultra-Humanite
44%
Nuclear Man
38%
Kryptonite Man
36%
Terra-Man
36%
Titano
36%
Atomic Skull
33%
Manchester Black
33%
Prankster
33%
Atom Man
31%
Bruno Manheim
31%
Bloodsport
28%
Mercy Graves
28%
Eradicator
26%
Jax-Ur
26%
Superboy Prime
23%
Composite Superman
21%
Maxima
21%
Morgan Edge
21%
Riot
15%
Riot
15%
Solaris
13%
Imperiex
10%
Rampage
10%
Volcana
10%
Conduit
5%
Thaddeus Killgrave
5%
Xa-Du the Phantom King
5%
No matching quizzes found
Score Distribution
Percent of People with Each Score
Percentile by Number Answered
Your Score History
You have not taken this quiz since the last reset